International encyclopaedia of agricultural science and technology: (Record no. 202)
[ view plain ]
| 000 -LEADER | |
|---|---|
| fixed length control field | 00830nam a22002297a 4500 |
| 001 - CONTROL NUMBER | |
| control field | BD-DhSAU 202 |
| 003 - CONTROL NUMBER IDENTIFIER | |
| control field | BD-DhSAU |
| 005 - DATE AND TIME OF LATEST TRANSACTION | |
| control field | 20140804124759.0 |
| 008 - FIXED-LENGTH DATA ELEMENTS--GENERAL INFORMATION | |
| fixed length control field | 140804b ii a|||| |||| 001 0 eng d |
| 020 ## - INTERNATIONAL STANDARD BOOK NUMBER | |
| International Standard Book Number | 8183242200 (V-1) |
| 040 ## - CATALOGING SOURCE | |
| Transcribing agency | BD-DhSAU |
| 082 ## - DEWEY DECIMAL CLASSIFICATION NUMBER | |
| Edition number | 22 |
| Classification number | 630.30/ SEI |
| 100 ## - MAIN ENTRY--PERSONAL NAME | |
| Personal name | Sethuraman, G, |
| 245 ## - TITLE STATEMENT | |
| Title | International encyclopaedia of agricultural science and technology: |
| Remainder of title | Sustainable agriculture/ |
| Statement of responsibility, etc. | G. Sethuraman and Srinivasa Naidu |
| 260 ## - PUBLICATION, DISTRIBUTION, ETC. (IMPRINT) | |
| Place of publication, distribution, etc. | New Delhi, India: |
| Name of publisher, distributor, etc. | Mittal Publication; |
| Date of publication, distribution, etc. | 2008. |
| 300 ## - PHYSICAL DESCRIPTION | |
| Extent | v, 263 p. : |
| Other physical details | ill. ; |
| Dimensions | 21 cm. |
| 504 ## - BIBLIOGRAPHY, ETC. NOTE | |
| Bibliography, etc | Includes index. |
| 650 ## - SUBJECT ADDED ENTRY--TOPICAL TERM | |
| Topical term or geographic name as entry element | Agriculture |
| 650 ## - SUBJECT ADDED ENTRY--TOPICAL TERM | |
| Topical term or geographic name as entry element | Agriculture-encyclopaedia |
| 700 ## - ADDED ENTRY--PERSONAL NAME | |
| Personal name | Naidu, Srinivasa |
| 856 ## - ELECTRONIC LOCATION AND ACCESS | |
| Uniform Resource Identifier | <a href="http://books.google.com.bd/books?id=RbKaPwAACAAJ&dq=8183242200&hl=en&sa=X&ei=nivfU7m8Ncy9uAT5n4LYCQ&redir_esc=y">http://books.google.com.bd/books?id=RbKaPwAACAAJ&dq=8183242200&hl=en&sa=X&ei=nivfU7m8Ncy9uAT5n4LYCQ&redir_esc=y</a> |
| 942 ## - ADDED ENTRY ELEMENTS (KOHA) | |
| Source of classification or shelving scheme | Dewey Decimal Classification |
| Koha item type | Book |
| Withdrawn status | Lost status | Source of classification or shelving scheme | Damaged status | Not for loan | Home library | Branch Name | Date acquired | Total Checkouts | Full call number | Barcode | Date last seen | Price effective from | Koha item type | Collection code |
|---|---|---|---|---|---|---|---|---|---|---|---|---|---|---|
| Dewey Decimal Classification | SAU Library | SAU Library | 04/08/2014 | 630.30/ SEI | 34720 | 04/08/2014 | 04/08/2014 | Book | ||||||
| Dewey Decimal Classification | SAU Library | SAU Library | 12/08/2014 | 630.30/ SEI | 34719 | 12/08/2014 | 12/08/2014 | Book | ||||||
| Dewey Decimal Classification | Not For Loan | SAU Library | SAU Library | 12/08/2014 | 630.30/ SEI | 34718 | 12/08/2014 | 12/08/2014 | Book | Reference |
